| 000 | 00506nam a2200181Ia 4500 | ||
|---|---|---|---|
| 003 | LK-CoDNM | ||
| 008 | 010623t2006 xxu||||| |||| 00| 1 sin d | ||
| 040 |
_aLK-CoDNM _dLK-CoDNM _eLK-CoDNM |
||
| 041 | _asin | ||
| 080 | _a17 NIE | ||
| 100 | _aKodikara,Pasan. | ||
| 245 | _aප්රතිවාදී කිතුනුවා | ||
| 246 | _aThe Anti-Christ : Prathivadi Kithunuwa | ||
| 260 |
_bSarasavi _aNugegoda _c2006 |
||
| 300 | _b121p., 21 cm | ||
| 700 | _aNietzche,Friedrich. | ||
| 942 | _cBK | ||
| 999 |
_c125885 _d125885 |
||